00377nam a2200157Ia 4500003000400000005001700004008004000021040000700061041000800068082001100076100001800087245005700105250000600162260004300168300000800211OSt20240404122537.0210210b1922 xxu||||| |||| 00| 0 eng d cAL aeng a520/37 aCLANCEY (J C) aSimplified stellar maps and aspects of the night sky a2 aBombaybThe Times of India Pressc1922 a210